Diện mạo văn hoá tín ngưỡng và lễ hội dân gian Trà Vinh
Những vấn đề chung về tín ngưỡng và lễ hội dân gian các dân tộc người Việt, người Hoa và Khơ me. Giới thiệu những nét văn hoá dân gian và lễ làng ven biển Mỹ Long
Spremljeno u:
| Glavni autor: | |
|---|---|
| Format: | Knjiga |
| Jezik: | Undetermined |
| Izdano: |
Hà Nội
Văn hoá thông tin
2012
|
| Teme: | |
| Oznake: |
Dodaj oznaku
Bez oznaka, Budi prvi tko označuje ovaj zapis!
|
| Thư viện lưu trữ: | Trung tâm Học liệu Trường Đại học Cần Thơ |
|---|
| LEADER | 00962nam a2200217Ia 4500 | ||
|---|---|---|---|
| 001 | CTU_179733 | ||
| 008 | 210402s9999 xx 000 0 und d | ||
| 082 | |a 398.0959786 | ||
| 082 | |b D513 | ||
| 100 | |a Trần, Dũng | ||
| 245 | 0 | |a Diện mạo văn hoá tín ngưỡng và lễ hội dân gian Trà Vinh | |
| 245 | 0 | |c Trần Dũng, Đặng Tấn Đức | |
| 260 | |a Hà Nội | ||
| 260 | |b Văn hoá thông tin | ||
| 260 | |c 2012 | ||
| 520 | |a Những vấn đề chung về tín ngưỡng và lễ hội dân gian các dân tộc người Việt, người Hoa và Khơ me. Giới thiệu những nét văn hoá dân gian và lễ làng ven biển Mỹ Long | ||
| 650 | |a Folklore,Lễ hội dân gian | ||
| 650 | |z Tra Ving province,Trà Vinh | ||
| 904 | |i Nguyễn Thị Mỹ Đa | ||
| 910 | |a Nguyên | ||
| 980 | |a Trung tâm Học liệu Trường Đại học Cần Thơ | ||